Flags of Australian Overseas Territories - Statistics

General Stats
  • This quiz has been taken 10 times
  • The average score is 5 of 8
Answer Stats
Picture Hint Answer % Correct
Christmas Island
89%
Cocos (Keeling) Islands
89%
Norfolk Island
89%
Hint: Starts with H Heard and McDonald Islands
56%
Hint: Starts with C Coral Sea Islands
44%
Hint: Starts with J Jervis Bay Territory
44%
Hint: Starts with A Ashmore and Cartier Islands
33%
Hint: Starts with A Australian Antarctic Territory
33%
No matching quizzes found
Score Distribution
Percent of People with Each Score
Percentile by Number Answered
Your Score History
You have not taken this quiz